Brad Bird Movies Quiz - Statistics

General Stats
  • This quiz has been taken 10 times
  • The average score is 5 of 6
Answer Stats
Year Hint Movie % Correct
2007 Rodent chef Ratatouille
100%
2018 Superheroes sequel Incredibles 2
90%
2004 Superheroes The Incredibles
90%
1999 Metallic alien The Iron Giant
70%
2011 Spy sequel Mission: Impossible - Ghost Protocol
60%
2015 Alternate dimension Tomorrowland
50%
No matching quizzes found
Score Distribution
Percent of People with Each Score
Percentile by Number Answered
Your Score History
You have not taken this quiz